Statistics for O - Things that start with the letter 'O'

Click here to take the quiz!

General Stats

  • This quiz has been taken 459 times
  • The average score is 10 of 20

Answer Stats

HintAnswer% Correct
A child whose parents are deadOrphan
93%
The 'Beaver State'Oregon
81%
The eighth month in the old Roman calendarOctober
74%
'_______ Prime' - Leader of the AutobotsOptimus
70%
Name of the 'Sooner State'Oklahoma
68%
'_______ Magic' - Professional baskeball teamOrlando
65%
Opposite to 'oriental'Occidental
63%
In Norse mythology he is the ruler of AsgaardOdin
59%
Joan of Arc, nicknamed 'The Maid of _______'Orleans
56%
The study of birdsOrnithology
53%
13th James Bond filmOctopussy
51%
'_________ Barbarossa' - Code for the Nazi invasion of the Soviet UnionOperation
49%
A vegetable often called 'Ladies Fingers'Okra
46%
Form of power structure where power rests with a small number of peopleOligarchy
44%
A location for viewing terrestrial and celestial eventsObservatory
43%
An artistic composition, especially a work of musicOpus
38%
'____________ of the Oil Exporting Countries'Organisation
30%
O3 (the 3 is subscript)Ozone
27%
Middle name of the author of 'Citizen Kane'Orson
26%
The 'OH' in 'OHC'Overhead
8%

Score Distribution

Percentile by Number Answered

Percent of People with Each Score

Your Score History

You have not taken this quiz